000 00297nam a2200097Ia 4500
001 1290151
005 20260417164510.0
008 260417s9999 xx 000 0 und d
245 0 _aHayvanlar Aleminden Masallar Seti - YAVAŞ KAPLUMBAĞA'NIN PİKNİĞİ
_cYasemin Katı
260 _bBeyan Yayınları
999 _c1290151
_d1290151